|
|
|
|
| LEADER |
00000nab a2200000 a 4500 |
| 001 |
vtls000631263 |
| 003 |
SK-MaSNL |
| 005 |
20260318124002.0 |
| 008 |
201103c1997 xo 0 hun |
| 015 |
|
|
|a SNBRB19rr/mm-uuuuu
|
| 035 |
|
|
|a CL0631402
|
| 040 |
|
|
|a SNKBUCL
|b slo
|c SNKBUCL
|e AACR2
|
| 041 |
0 |
|
|a hun
|
| 044 |
|
|
|a xo
|c SK
|
| 080 |
|
|
|a 325.254(437=945.11)
|2 1981
|
| 080 |
|
|
|a 943.7"1945/1949"
|2 1981
|
| 100 |
1 |
|
|a Vadkerty, Katalin,
|d 1928-
|4 aut
|9 109171
|
| 245 |
1 |
0 |
|a A belső telepítés Szlovákiában (1945-1949)
|c Katalin Vadkerty
|
| 300 |
|
|
|b Lit. 13 zázn. v maď., slov., češ.
|
| 650 |
0 |
7 |
|a Maďari
|2 snkbucl
|9 18097
|
| 651 |
|
7 |
|a Slovensko
|2 SNKPHgeo
|9 14231
|
| 655 |
|
7 |
|a články z novín a časopisov
|2 snkbucl
|9 267496
|
| 773 |
0 |
|
|t Irodalmi szemle
|g Roč. 40, č. 6-7 (1997), s. 58-64
|
| 850 |
|
|
|a Slovenská národná knižnica v Martine
|a DSG001
|
| 852 |
|
|
|a SNK
|b KIS3GCP
|
| 958 |
|
|
|a HU
|
| 958 |
|
|
|a SK
|
| 958 |
|
|
|a NX
|
| 958 |
|
|
|a NB
|
| 958 |
|
|
|a RK
|
| 958 |
|
|
|a RBX
|
| 999 |
|
|
|c 2672679
|d 2674609
|